| 000 | 00592cam a2200181 a 4500 | ||
|---|---|---|---|
| 001 | 000004239 | ||
| 005 | 20200929151421.0 | ||
| 008 | 740130s1972 nyua p 000 0 eng | ||
| 040 |
_aDO-SdBNP _bspa _cBNPHU |
||
| 082 |
_a794.12 _bF529b |
||
| 100 | 1 |
_aFischer, Bobby, _d1943-2008. _912531 |
|
| 245 | 1 | 0 |
_aBobby Fischer teaches chess, / _cBobby Fischer, Stuart Margulies y Donn Mosenfelder. |
| 260 |
_aNew York, _c1972. |
||
| 300 |
_axiv, 334 p. : _bil. ; _c24 cm. |
||
| 650 | 0 |
_aAjedrez _xEstrategia y tácticas _912532 |
|
| 700 | 1 |
_aMargulies, Stuart. _912533 |
|
| 700 | 1 |
_aMosenfelder, Donn. _912534 |
|
| 999 |
_c4053 _d4053 |
||